Emotional Intelligence and Knowledge Sharing as Key Factors in Business Management - Evidence From Slovak SMEs

Skúmanie interakcie medzi emociálnou inteligenciou a manažmentom znalostí. Úloha EQ (Emotional Quotient) v podnikovom sektore.

Salvato in:
Dettagli Bibliografici
Autore principale: Zsigmond, Tibor
Altri autori: Mura, Ladislav, 1979-
Natura: Capitolo di libro
Lingua:inglese
Soggetti:
Tags: Aggiungi Tag
Nessun Tag, puoi essere il primo ad aggiungerne!!

MARC

LEADER 00000naa a2200000 4500
001 0299880
005 20260217081723.3
041 0 |a eng 
044 |a PL 
245 1 0 |a Emotional Intelligence and Knowledge Sharing as Key Factors in Business Management - Evidence From Slovak SMEs  |c Tibor Zsigmond, Ladislav Mura 
520 |a Skúmanie interakcie medzi emociálnou inteligenciou a manažmentom znalostí. Úloha EQ (Emotional Quotient) v podnikovom sektore. 
610 2 0 |a inteligencia emocionálna 
610 2 0 |a manažment znalostný 
610 2 0 |a riadenie podnikové 
610 2 0 |a zdroje ľudské 
610 2 0 |a zamestnanci 
610 2 0 |a podnik malý 
610 2 0 |a podnik stredný 
610 2 0 |a Slovensko 
100 1 |a Zsigmond, Tibor 
700 1 |a Mura, Ladislav, 1979-